[Event "MEX-ch U26 (Women)"]
[Site "Puebla"]
[Date "2014.04.29"]
[Round "5.4"]
[White "Aquino Flores, Edith"]
[Black "Perez Garcia, Martha Zelin"]
[Result "0-1"]
[WhiteElo "1918"]
[BlackElo "1595"]
[PlyCount "96"]
[EventDate "2014.04.28"]
[EventType "swiss"]
[EventRounds "6"]
[EventCountry "MEX"]
[SourceTitle "CBM 160 Extra"]
[Source "ChessBase"]
[SourceDate "2014.07.01"]
[SourceVersion "1"]
[SourceVersionDate "2014.07.01"]
[SourceQuality "1"]

1. e4 e5 2. Nf3 Nc6 3. Bc4 d6 4. h3 Be7 5. Nc3 Nf6 6. d3 0-0 7. a3 a6 8. 0-0 Be6 9. Nd5 Bxd5 10. Bxd5 Nxd5 11. exd5 Nb8 12. Nh2 Nd7 13. Bd2 Rc8 14. Qe2 Nf6 15. c4 c6 16. dxc6 Rxc6 17. Bc3 Re8 18. Rae1 Qd7 19. f4 Bd8 20. fxe5 dxe5 21. Rf3 Rce6 22. Qf1 Bb6+ 23. Kh1 Bd4 24. Bxd4 Qxd4 25. Qf2 Qxf2 26. Rxf2 Rd8 27. Re3 e4 28. dxe4 Rxe4 29. Rxe4 Nxe4 30. Rf3 Rd1+ 31. Nf1 Ng3+ 32. Rxg3 Rxf1+ 33. Kh2 Rd1 34. Re3 Kf8 35. Kg3 b6 36. b3 Rd2 37. a4 a5 38. Kf3 Rd6 39. Ke4 Re6+ 40. Kd4 Rxe3 41. Kxe3 Ke7 42. Kd4 Kd6 43. Kc3 Kc5 44. g3 h5 45. h4 f6 46. Kd3 Kb4 47. Ke4 Kxb3 48. Kd5 Kxa4 0-1

[Event "MEX-ch U26 (Women)"]
[Site "Puebla"]
[Date "2014.04.29"]
[Round "4.4"]
[White "Perez Garcia, Martha Zelin"]
[Black "Lazo Gomez, Ingrid Shadani"]
[Result "1/2-1/2"]
[WhiteElo "1595"]
[BlackElo "1448"]
[PlyCount "116"]
[EventDate "2014.04.28"]
[EventType "swiss"]
[EventRounds "6"]
[EventCountry "MEX"]
[SourceTitle "CBM 160 Extra"]
[Source "ChessBase"]
[SourceDate "2014.07.01"]
[SourceVersion "1"]
[SourceVersionDate "2014.07.01"]
[SourceQuality "1"]

1. e4 e5 2. Nf3 Nc6 3. Bc4 Bc5 4. c3 Nf6 5. d3 d6 6. 0-0 0-0 7. Be3 Bb6 8. Bb3 Na5 9. Bc2 c5 10. Nbd2 Nc6 11. Re1 Ng4 12. Nf1 Nxe3 13. fxe3 f5 14. exf5 Bxf5 15. Ng3 Bg4 16. Rf1 d5 17. h3 Be6 18. Qe2 Bc7 19. e4 d4 20. c4 Nb4 21. Bb3 b5 22. Nd2 Qg5 23. Kh2 bxc4 24. Bxc4 Bxc4 25. Nxc4 g6 26. a3 Nc6 27. Qg4 Qxg4 28. hxg4 Rf4 29. Kh3 Raf8 30. Rxf4 exf4 31. Nh1 g5 32. Rf1 Rf6 33. g3 f3 34. Kh2 h5 35. gxh5 Kh7 36. Kh3 Kh6 37. g4 Nd8 38. Ng3 Ne6 39. Nf5+ Kh7 40. Rxf3 Nf4+ 41. Kh2 Nxd3+ 42. Kg1 Ne5 43. Nxe5 Bxe5 44. b3 Ra6 45. a4 Bf4 46. Rd3 Re6 47. Kg2 Rxe4 48. Kf3 Re1 49. Ng3 Rc1 50. Ne2 Rf1+ 51. Kg2 Re1 52. Nxf4 gxf4 53. Kf2 Re3 54. Rxe3 fxe3+ 55. Kf3 Kh6 56. Ke2 Kg5 57. Kd3 a5 58. Ke2 Kh6 1/2-1/2